Ho Chi Minh Struggle and Life/ (Record no. 216507)

MARC details
000 -LEADER
fixed length control field 00551nam a22001937a 4500
005 - DATE AND TIME OF LATEST TRANSACTION
control field 20260604152604.0
010 ## - LCCN (DPL NO)
LC control number ENG-148752
020 ## - INTERNATIONAL STANDARD BOOK NUMBER
International Standard Book Number 9788197263361
Terms of availability 1000.00
035 ## - SYSTEM CONTROL NUMBER
System control number EN-132284
037 ## - SOURCE OF ACQUISITION
Source of stock number/acquisition DBAD
Stock number dpl
082 ## - DEWEY DECIMAL CLASSIFICATION NUMBER
Classification number 920
100 ## - MAIN ENTRY--PERSONAL NAME
Personal name Nag, Dipak
245 ## - TITLE STATEMENT
Title Ho Chi Minh Struggle and Life/
Statement of responsibility, etc Dipak Nag
250 ## - EDITION STATEMENT
Edition statement 1
260 ## - PUBLICATION, DISTRIBUTION, ETC. (IMPRINT)
Place of publication, distribution, etc Kolkata
Name of publisher, distributor, etc Ajita Prakason
Date of publication, distribution, etc 2024
270 ## - ADDRESS
Address 10D/1A BAdridas Temple Street
City Kolkata
Postal code 700004
Telephone number 9330335066
300 ## - PHYSICAL DESCRIPTION
Extent 409p.
Dimensions 21cm(pb)
Other physical details ill.
942 ## - ADDED ENTRY ELEMENTS (KOHA)
Source of classification or shelving scheme Dewey Decimal Classification
Item type English Books
Call number suffix NAG
Classification part 920
Holdings
Withdrawn status Lost status Not for loan Collection code Home library Current library Date acquired Source of acquisition Cost, normal purchase price Full call number Barcode Copy number Cost, replacement price Koha item type
    Not For Loan Non-fiction D.B.Act.Division D.B.Act.Division 04/06/2026 Delivery of Books Act Division 1000.00 NAG 920 EN-132284 1 1000.00 English Books

© Delhi Public Library
Hit Counter
free hit counter